Introducción al periodismo /

Este libro pretende proporcionar al lector un breve ensayo metodológico sobre qué es y qué no es el periodismo.

محفوظ في:
التفاصيل البيبلوغرافية
المؤلف الرئيسي: Albalá, Alfonso (autor)
التنسيق: كتاب
اللغة:الإسبانية
منشور في: Madrid, España : Guadarrama, 1970
سلاسل:(Colección Universitaria de Bolsillo Punto Omega ; 101)
الموضوعات:
الوسوم: إضافة وسم
لا توجد وسوم, كن أول من يضع وسما على هذه التسجيلة!

MARC

LEADER 00000nam^a2200000^a^4500
001 000000428
005 20250521000000.0
009 20260310083028.021
037 |a Acervo ITESO - Biblioteca 
041 |a ESP 
082 |a 302. 23101  |b ALB 
100 |a Albalá, Alfonso  |e (autor) 
245 1 0 |a Introducción al periodismo /  |c A. Albalá. 
264 1 |a Madrid, España :  |b Guadarrama,  |c 1970 
300 |a 148 p. 
336 |a texto  |b txt  |2 rdacontenido 
337 |a sin mediación  |b n  |2 rdamedio 
338 |a volumen  |b nc  |2 rdasoporte 
440 1 |a (Colección Universitaria de Bolsillo Punto Omega ;  |v 101) 
520 |a Este libro pretende proporcionar al lector un breve ensayo metodológico sobre qué es y qué no es el periodismo. 
649 |a XX 
650 |a Investigación Documental 
650 |a Lenguaje y Lenguas 
650 |a Periodismo -  |x Teoría 
650 |a Periódicos 
650 |a Prensa 
650 |a Medios Impresos 
650 |a Medios de Comunicación 
650 |a Comunicación Masiva 
650 |a Opinión Pública 
650 |a Metodología 
910 |a Fondo General 
920 |a Impresos - Libros 
930 |a Colección General 
905 |a 101 
901 |a 0004280100  |b IT1  |c ACC  |i 000428  |u 20250521 
902 |a https://opac.biblio.iteso.mx/vufind/Record/000000428